Artificial intelligence : (Record no. 550762)
[ view plain ]
| 000 -LEADER | |
|---|---|
| fixed length control field | 00711cam a2200193 a 4500 |
| 020 ## - INTERNATIONAL STANDARD BOOK NUMBER | |
| International Standard Book Number | 0387174451 (U.S.) : |
| 020 ## - INTERNATIONAL STANDARD BOOK NUMBER | |
| International Standard Book Number | 0948507446 : |
| 020 ## - INTERNATIONAL STANDARD BOOK NUMBER | |
| International Standard Book Number | 3540174451 (W. Germany) |
| 082 ## - DEWEY DECIMAL CLASSIFICATION NUMBER | |
| Classification number | 670.28563 |
| Author Mark | ART |
| 245 00 - TITLE STATEMENT | |
| Title | Artificial intelligence : |
| Remainder of title | implications for CIM / |
| Statement of responsibility, etc. | edited by A. Kusiak. |
| 260 ## - PUBLICATION, DISTRIBUTION, ETC. | |
| Place of publication, distribution, etc. | Bedford [Bedfordshire] : |
| Name of publisher, distributor, etc. | IFS (Publications) ; |
| Place of publication, distribution, etc. | Berlin ; |
| -- | New York : |
| Name of publisher, distributor, etc. | Springer-Verlag, |
| Date of publication, distribution, etc. | c1988. |
| 300 ## - PHYSICAL DESCRIPTION | |
| Extent | 527 p. : |
| Other physical details | ill. ; |
| Dimensions | 24 cm. |
| 490 1# - SERIES STATEMENT | |
| Series statement | Artificial intelligence in industry |
| 526 ## - STUDY PROGRAM INFORMATION NOTE | |
| Program name | 0 |
| Interest level | 0 |
| Reading level | 0 |
| Title point value | 670_285630000000000_ART |
| 650 #0 - SUBJECT ADDED ENTRY--TOPICAL TERM | |
| Topical term or geographic name entry element | Artificial intelligence. |
| 9 (RLIN) | 18060 |
| 650 #0 - SUBJECT ADDED ENTRY--TOPICAL TERM | |
| Topical term or geographic name entry element | Computer integrated manufacturing systems. |
| 9 (RLIN) | 18505 |
| 700 1# - ADDED ENTRY--PERSONAL NAME | |
| Personal name | Kusiak, Andrew. |
| 9 (RLIN) | 47550 |
| 942 ## - ADDED ENTRY ELEMENTS (KOHA) | |
| Source of classification or shelving scheme | |
| Koha item type | Book |
| Withdrawn status | Lost status | Source of classification or shelving scheme | Damaged status | Not for loan | Permanent Location | Current Location | Date acquired | Total Checkouts | Full call number | Barcode | Date last seen | Price effective from | Koha item type |
|---|---|---|---|---|---|---|---|---|---|---|---|---|---|
| Military College of Engineering (MCE) | Military College of Engineering (MCE) | 11/21/2014 | 670.28563 ART | MCE-29345 | 11/21/2014 | 11/21/2014 | Book |
